Statystyki dla Największe jeziora świata

Kliknij tutaj aby rozwiązać quiz!

Ogólne statystyki

  • Ten quiz został rozwiązany 1 015 razy
  • Średni wynik to 8 z 20

Statystyki odpowiedzi

km2KontynentJezioro% Poprawnych
436 000Azja/EuropaMorze Kaspijskie
87%
31 500AzjaBajkał
86%
68 870AfrykaJezioro Wiktorii
82%
58 000Ameryka PółnocnaMichigan
57%
82 100Ameryka PółnocnaJezioro Górne
56%
32 600AfrykaTanganika
47%
18 130EuropaŁadoga
45%
18 960Ameryka PółnocnaOntario
45%
31 000Ameryka PółnocnaWielkie Jezioro Niedźwiedzie
40%
25 700Ameryka PółnocnaErie
39%
29 500AfrykaNiasa
38%
59 600Ameryka PółnocnaHuron
35%
8 372Ameryka PołudniowaTiticaca
34%
9 720EuropaOnega
33%
27 000Ameryka PółnocnaWielkie Jezioro Niewolnicze
32%
24 514Ameryka PółnocnaWinnipeg
21%
16 400AzjaBałchasz
18%
8 264Ameryka PółnocnaNikaragua
13%
12 500AntarktydaWostok
12%
7 850Ameryka PółnocnaAthabasca
12%

Rozkład punktacji

Percentyl według liczby udzielonych odpowiedzi

Procent ludzi z każdym wynikiem

Twoja historia wyników

Nie rozwiązałeś tego quizu